Zvýšenie rekreačného potenciálu a obnova verejných priestorov v okolí Kuchajdy

Saved in:
Bibliographic Details
Main Author: Straňanková, Barbara (Author)
Other Authors: Kubáňová, Martina (Thesis advisor)
Format: Manuscript Book
Language:Slovak
Published: 2025
Subjects:
Online Access:http://is.stuba.sk/zp/portal_zp.pl?podrobnosti=179755
CRZP
Tags: Add Tag
No Tags, Be the first to tag this record!

MARC

LEADER 00000ntm a22000003a 4500
001 stuzp105418
003 SK-STU
005 20250731152848.4
007 ta
008 150427s2015----xo-----f-mn---000-0-slo-d
040 |a STU  |b slo 
041 0 |a slo 
100 1 |a Straňanková, Barbara  |u 010160  |4 aut  |U SvF Stavebná fakulta  |T SvF Katedra vodného hospodárstva krajiny  |X 123372  |U V160  |Y 16  |7 123372 
242 0 1 |a Increasing of the recreation potential and revitalization of the green open spaces in Kuchajda area  |y eng 
245 1 0 |a Zvýšenie rekreačného potenciálu a obnova verejných priestorov v okolí Kuchajdy 
260 |c 2025 
650 4 |a štrkovisko  |2 slo 
650 4 |a modro-zelená infraštruktúra  |2 slo 
650 4 |a revitalizácia  |2 slo 
650 4 |a blue-green infrastructure  |2 eng 
650 4 |a gravel pit  |2 eng 
650 4 |a revitalization  |2 eng 
700 1 |a Kubáňová, Martina  |u 010160  |k Z1  |4 ths  |U SvF Stavebná fakulta  |T SvF Katedra vodného hospodárstva krajiny  |X 68887  |U V160  |Y 16  |7 A000068887 
856 4 |u http://is.stuba.sk/zp/portal_zp.pl?podrobnosti=179755 
856 4 |u https://opac.crzp.sk/?fn=detailBiblioForm&sid=C9A1C75A261DD259FA80411E26A3  |z CRZP